LEADER 01498nam a2200277 4500 001 000000340366 003 CaOOAMICUS 005 20200527113523.0 008 200527s1727 it 000 u ita r 026 $aoati ioi- p.s. stVe (3) 1727 (R) 040 $aSeMil$bita 110 21$aConsorzio dei Sacerdoti e Secolari di S. Giustina martire .$0(OLS)http://semarc/name/111423 245 00$aRegole del ven. Consorzio de Sacerdoti, e Secolari dell'uno, e l'altro sesso eretto nella Chiesa Parochiale di S. Donnino alla Mazza di Milano sotto il patrocinio di S. Giustina martire . 264 1$aIn Milano :$bNella Stampa degli Eredi di Domenico Bellagatta,$c1727. 300 $a16 p. ;$c4° 500 $aSegn.: A8 500 $aC. A4 erron. segnata A3 650 4$aCongregazioni e confraternite religiose - Milano - Sec. 16.-18.$0(OLS)http://semarc/subject/49109 700 1 $aBellagatta, Domenico,$d.$0(OLS)http://semarc/name/10029 752 $aIT$dMilano 850 $aSeMil 852 $aSeMil$W1$xVenegono$y1$m3Z V 8/10 FA$j219364$B231468$CSeMilBibl$Z2$F231468 $8I 941 1 $a10 996 $6245$aRegole del ven. Consorzio de Sacerdoti, e Secolari dell'uno, e l'altro sesso eretto nella Chiesa Parochiale di S. Donnino alla Mazza di Milano sotto il patrocinio di S. Giustina martire $9(OLS)http://semarc/title/429397 996 $6264$aIn Milano :$bNella Stampa degli Eredi di Domenico Bellagatta$9(OLS)http://semarc/publisher/58998 LEADER 01099nam a2200241 i 4500 001 000000238151 003 CaOOAMICUS 005 20150120000000.0 008 150120s1944 it u000 u ita u 013 $a217056 040 $aSeMil$bita 100 1 $aArcangelo : delle Scuole cristiane.$0(OLS)http://semarc/name/81191 245 13$aLa via dell'infanzia spirituale :$bbrevi considerazioni sulla piccola via di s. Teresa del bambino Gesł /$cArcangelo delle Scuole cristiane. 260 $aTorino :$bA. & C.,$c1944. 300 $a46 p. ;$c16 cm. 500 $aFondo card. Giovanni Colombo. 650 4$aTeresa : del Bambino Gesł - Opere.$0(OLS)http://semarc/subject/22279 850 $aSeMil 852 $aSeMil$W1$xVenegono$y1$m3GC VIII 211/30$j188497$B188497$CSeMilBibl$Z2$F206759 $8B 941 1 $a3 961 $aLascito: Colombo Card. Giovanni 996 $6245$aLa via dell'infanzia spirituale :$bbrevi considerazioni sulla piccola via di s. Teresa del bambino Gesł$9(OLS)http://semarc/title/339370 996 $6260$aTorino :$bA. & C.$9(OLS)http://semarc/publisher/44971